Stati affacciati sul Mar Mediterraneo - Statistics

Statistiche generali
  • Questo quiz è stato fatto 39 volte
  • Il punteggio medio è 19 su 21
Statistiche sulle risposte
Continente Stato % Corretto
Europa Italia
100%
Europa Albania
97%
Africa Algeria
97%
Africa Egitto
97%
Europa Grecia
97%
Africa Marocco
97%
Europa Croazia
94%
Europa Francia
94%
Africa Libia
94%
Europa Spagna
94%
Europa Tunisia
94%
Asia Turchia
94%
Asia Cipro
91%
Asia Israele
91%
Asia Libano
88%
Europa Malta
85%
Europa Slovenia
85%
Asia Siria
82%
Europa Bosnia ed Erzegovina
79%
Europa Monaco
79%
Europa Montenegro
76%
Nessun quiz corrispondente trovato
Distribuzione punteggi
Percentuale di utenti per punteggio
Percentile per numero di risposta
I tuoi punteggi nel tempo
Non hai fatto questo quiz